| 000 | 00875nam a2200253Ia 4500 | ||
|---|---|---|---|
| 003 | OSt | ||
| 005 | 20220923225332.0 | ||
| 006 | a|||||r|||| 00| 0 | ||
| 007 | ta | ||
| 008 | 220922b |||||||| |||| 00| 0 hin d | ||
| 024 | _a263,621 | ||
| 037 | _cTextual | ||
| 040 |
_aARTS _cARTS _bhin |
||
| 041 |
_2hin _ahin |
||
| 082 | _aV2:51wM01, 152M0 | ||
| 100 |
_aथप्लियाल, हरिप्रसाद _9156299 |
||
| 245 | 0 | _aश्यामाप्रसाद मुकर्जी | |
| 246 | _aShyāmāprasād mukarjī | ||
| 260 |
_aदिल्ली _b साहित्य केन्द्र प्रकाशन _c1980 |
||
| 300 |
_a147पृ. _ccm. |
||
| 650 | _aविश्व-इतिहास | ||
| 942 |
_hV2:51wM01, 152M0 _cTEXL _2CC |
||
| 999 |
_c377617 _d377617 |
||